| Registos Bibliográficos associados ao registo de autoridade |
|
Etiqueta de registo: 00254nam 2200025 450 001 2282815 003 http://id.bnportugal.gov.pt/bib/catbnp/2282815 010 ## $a978-989-711-321-5 021 ## $aPT$b558053/25 100 ## $a20260325d2026 m y0pory01030103ba 101 1# $apor$bger$ctur 102 ## $aPT 105 ## $ay z 000ay 106 ## $ar 200 1# $a As noites frias da infância$fTezer Özlü$gtrad. e notas Gilda Lopes Encarnação 205 ## $a1ª ed 210 #9 $aPorto$cLivros do Brasil,$d2026 215 ## $a109, [6] p.$d24 cm 225 2# $aDois mundos 304 ## $aTít. orig.: ÇocukluÆgun SoÆguk Geceleri 304 ## $aTít. da ed. alemã: Die kalten Nächte der Kindheit 675 ## $a821.512.161-311.1"19"$vBN$zpor$31996390 700 #1 $aÖzlü,$bTezer,$f1943-1986$31993400 702 #1 $aEncarnação,$bGilda Lopes$4730$3248716 801 #0 $aPT$bBN$gRPC 856 41 $uhttp://rnod.bnportugal.gov.pt/ImagesBN/winlibimg.aspx?skey=&doc=2282815&img=221478&save=true 900 ## $aBIBNAC$d20260428 966 ## $lBN$mFGMON$sL. 181421 V.$x1 966 ## $lBN$mFGMON$sL. 181421 V.-D$x1 971 ## $cssilva$d20260325 972 ## $e0$z0$d20260428$vlrevez 973 ## $csteixeira$d20260420
|
|
|